| Tag |
First Indicator |
Second Indicator |
Subfields |
| LEADER |
00000cam a2200000 i 4500 |
| 001 |
in00000035569 |
| 005 |
20151007062037.0 |
| 008 |
800327m19779999nyu j 00010 eng d |
| 020 |
|
|
|a 0153760516 (v.1)
|
| 035 |
|
|
|a (OCoLC)06133109
|
| 035 |
|
|
|9 AAD3818AM
|
| 040 |
|
|
|a TLS
|c TLS
|d TXA
|d UtOrBLW
|
| 049 |
|
|
|a [Curr Col] TXAM
|c 1
|v 1 [1632499]
|v 2 [274814]
|c 2
|v 1[1632500]
|
| 090 |
|
|
|a E178.1
|b .T67 1977 Manual
|
| 100 |
1 |
|
|a Biller, Edward L.
|
| 245 |
1 |
0 |
|a Teacher's manual and resource guide, with notes on readings for use with Rise of the American nation [by] Todd, Curti /
|c by Edward L. Biller.
|
| 250 |
|
|
|a Heritage ed.
|
| 264 |
|
1 |
|a New York :
|b Harcourt Brace Jovanovich,
|c [1977-]
|
| 264 |
|
4 |
|c ©1977-
|
| 300 |
|
|
|a volumes ;
|c 23 cm.
|
| 336 |
|
|
|a text
|b txt
|2 rdacontent
|
| 337 |
|
|
|a unmediated
|b n
|2 rdamedia
|
| 338 |
|
|
|a volume
|b nc
|2 rdacarrier
|
| 500 |
|
|
|a Accompanies Rise of the American nation, Heritage edition, by Lewis Paul Todd.
|
| 500 |
|
|
|a Contains answer key for tests for use with Rise of the American nation, Heritage edition.
|
| 500 |
|
|
|a Gr. 9-12.
|
| 505 |
0 |
|
|a v.1. The beginnings to 1865.
|
| 651 |
|
0 |
|a United States
|x History
|v Juvenile literature.
|
| 700 |
1 |
|
|a Todd, Lewis Paul,
|d 1906-
|t Rise of the American nation.
|
| 740 |
0 |
|
|a Rise of the American nation, teacher's manual and resource guide.
|
| 999 |
|
|
|a MARS
|
| 999 |
f |
f |
|s 33d2c0ce-55cc-3142-842f-94e12f5ea58b
|i 1e731816-4b57-3a27-ae4e-dec1340c18aa
|t 0
|
| 952 |
f |
f |
|p ric
|a Texas A&M University
|b Rellis Campus
|c Joint Library Facility
|d Remote Storage
|t 0
|e E178.1 .T67 1977 Manual
|h Library of Congress classification
|i unmediated -- volume
|k v.1
|m A14800213244
|
| 952 |
f |
f |
|p ric
|a Texas A&M University
|b Rellis Campus
|c Joint Library Facility
|d Remote Storage
|t 0
|e E178.1 .T67 1977 Manual
|h Library of Congress classification
|i unmediated -- volume
|k v.2
|m A14808817440
|
| 998 |
f |
f |
|a E178.1 .T67 1977 Manual
|s v.1-v.2
|t 0
|l Remote Storage
|